Online
Catalog

Guía del dirigente : (Record no. 2731)

MARC details
000 -CABECERA
campo de control de longitud fija 00734nam a2200217 u 4500
001 - NÚMERO DE CONTROL
campo de control 000002897
003 - IDENTIFICADOR DEL NÚMERO DE CONTROL
campo de control DO-SdBNP
005 - FECHA Y HORA DE LA ÚLTIMA TRANSACCIÓN
campo de control 20220510122800.0
007 - CAMPO FIJO DE DESCRIPCIÓN FÍSICA--INFORMACIÓN GENERAL
campo de control de longitud fija ta
008 - DATOS DE LONGITUD FIJA--INFORMACIÓN GENERAL
campo de control de longitud fija 090704s1984 dr a r 000 0 spa d
040 ## - FUENTE DE LA CATALOGACIÓN
Centro catalogador/agencia de origen DO-SdBNP
Lengua de catalogación spa
Centro/agencia transcriptor BNPHU
082 #4 - NÚMERO DE LA CLASIFICACIÓN DECIMAL DEWEY
Número de clasificación 334.097293
Número de documento/Ítem D635g
Número de edición 22
100 1# - ENTRADA PRINCIPAL--NOMBRE DE PERSONA
Nombre de persona Ditrén Díaz, Ramon Isidro,
Fechas asociadas al nombre 1932-
9 (RLIN) 9203
245 10 - MENCIÓN DE TÍTULO
Título Guía del dirigente :
Resto del título evaluación cooperativa /
Mención de responsabilidad, etc. Ramon Isidro Ditrén Díaz.
260 ## - PUBLICACIÓN, DISTRIBUCIÓN, ETC.
Lugar de publicación, distribución, etc. Santo Domingo :
Nombre del editor, distribuidor, etc. Instituto Técnico Salesiano,
Fecha de publicación, distribución, etc. 1984.
300 ## - DESCRIPCIÓN FÍSICA
Extensión 213 p :
Otras características físicas il ;
Dimensiones 18 cm.
500 ## - NOTA GENERAL
Nota general Incluye datos bigráficos del autor en la contracubierta
590 ## - NOTA LOCAL (RLIN)
Nota local Inventriado, 2022/BT
650 #4 - PUNTO DE ACCESO ADICIONAL DE MATERIA--TÉRMINO DE MATERIA
Término de materia o nombre geográfico como elemento de entrada Cooperativismo
Subdivisión geográfica República Dominicana
Subdivisión general Historia
9 (RLIN) 9204
942 ## - ELEMENTOS DE PUNTO DE ACCESO ADICIONAL (KOHA)
Fuente del sistema de clasificación o colocación Dewey Decimal Classification
Tipo de ítem Koha Libro
Holdings
Estado de retiro Estado de pérdida Fuente del sistema de clasificación o colocación Restricciones de uso No para préstamo Código de colección Localización permanente Ubicación/localización actual Ubicación en estantería Fecha de adquisición Fuente de adquisición Signatura topográfica completa Código de barras Fecha visto por última vez Número de copia Precio válido a partir de Tipo de ítem Koha Nota pública
    Dewey Decimal Classification Préstamo en sala   Dominicana de Servicio Biblioteca Nacional Pedro Henríquez Ureña Biblioteca Nacional Pedro Henríquez Ureña Depósito 08.07.2019 Donación BNPHU DS 334.097293 D635g 2897-30 25.06.2020 e. 3 25.06.2020 Libro Perteneció a la biblioteca personal de la Flia. Reyes Duluc
    Dewey Decimal Classification Préstamo restringido   Patrimonio Dominicano Biblioteca Nacional Pedro Henríquez Ureña Biblioteca Nacional Pedro Henríquez Ureña Depósito 04.07.2009 025773 BNPHU PD 334.097293 D635g 2897-10 25.06.2020   25.06.2020 Libro  
    Dewey Decimal Classification Préstamo restringido   Patrimonio Dominicano Biblioteca Nacional Pedro Henríquez Ureña Biblioteca Nacional Pedro Henríquez Ureña Depósito 04.07.2009 025773 BNPHU PD 334.097293 D635g 2897-20 25.06.2020 e. 2 25.06.2020 Libro  
    Dewey Decimal Classification Préstamo en sala   Dominicana de Servicio Biblioteca Nacional Pedro Henríquez Ureña Biblioteca Nacional Pedro Henríquez Ureña Depósito 10.05.2022 Donación BNPHU DS 334.097293 D635g 2022-2114 10.05.2022 e.4 10.05.2022 Libro  
    Dewey Decimal Classification Préstamo en sala   Dominicana de Servicio Biblioteca Nacional Pedro Henríquez Ureña Biblioteca Nacional Pedro Henríquez Ureña Depósito 10.05.2022 Donación BNPHU DS 334.097293 D635g 2022-2115 10.05.2022 e.5 10.05.2022 Libro  

Powered by Koha